[Event "?"]
[Site "?"]
[Date "2009.12.27"]
[Round "1.1"]
[White "Trenner, Rolf"]
[Black "Neumaier, Hubert"]
[Result "1-0"]
[WhiteElo "2280"]
[BlackElo "1846"]
[PlyCount "110"]
[EventDate "2010.??.??"]
[WhiteTeam "SC Empor Potsdam 1952 e.V."]
[BlackTeam "ohne Verein"]

1. d4 d5 2. Nf3 Nf6 3. c4 c6 4. e3 e6 5. Bd3 Bd6 6. Nc3 O-O 7. O-O Nbd7 8. e4
dxe4 9. Nxe4 Nxe4 10. Bxe4 f5 11. Bc2 e5 12. c5 Be7 13. dxe5 Nxc5 14. Qe2 Be6
15. Rd1 Bd5 16. Nd4 Qc8 17. b3 g6 18. Bh6 Rf7 19. Rac1 Bf8 20. Bxf8 Qxf8 21.
Nb5 Ne6 22. Nc3 Bxg2 23. Qc4 Bd5 24. Nxd5 cxd5 25. Qxd5 Qe7 26. b4 Nf4 27. Qf3
Qg5+ 28. Kh1 Re7 29. Bb3+ Kf8 30. Rg1 Qh6 31. Rc4 Ne6 32. Qc3 Rae8 33. Rc8 Qf4
34. Rxe8+ Rxe8 35. Bxe6 Rxe6 36. Qc5+ Re7 37. Re1 Qf3+ 38. Kg1 Qg4+ 39. Kh1
Qf3+ 40. Kg1 Qg4+ 41. Kf1 f4 42. Re4 Qd1+ 43. Kg2 Qg4+ 44. Kf1 Qf5 45. Qd4 g5
46. e6 Kg8 47. Qd8+ Qf8 48. Qd5 h6 49. f3 Qf6 50. Re5 Kg7 51. Qd6 Kg6 52. Kg2
Kg7 53. a4 Re8 54. Qd2 Qe7 55. Qd4 Kg8 1-0

[Event "?"]
[Site "?"]
[Date "2009.12.27"]
[Round "1.3"]
[White "Rietze, Clemens"]
[Black "Vachkov, Temi"]
[Result "1-0"]
[WhiteElo "2186"]
[BlackElo "1804"]
[PlyCount "51"]
[EventDate "2010.??.??"]
[WhiteTeam "USV Potsdam e.V., Abt. Schach"]
[BlackTeam "SK Zehlendorf"]

1. e4 d6 2. d4 g6 3. Nc3 Bg7 4. f4 Nf6 5. Nf3 O-O 6. Bd3 c5 7. dxc5 dxc5 8. O-O
Nc6 9. Be3 Nd4 10. h3 a6 11. a4 b6 12. e5 Nd5 13. Nxd5 Qxd5 14. Nxd4 cxd4 15.
Be2 Rb8 16. Qxd4 Qc6 17. Bf3 Qc7 18. Ra3 Qxc2 19. Rc1 Bf5 20. Rxc2 Bxc2 21. Rc3
Bf5 22. g4 Rfd8 23. Qb4 Be6 24. Bxb6 Rd7 25. Qc5 f6 26. Qc6 1-0

[Event "?"]
[Site "?"]
[Date "2009.12.27"]
[Round "1.4"]
[White "Schweitzer, Paul"]
[Black "Cusnariov, Nicolai"]
[Result "0-1"]
[WhiteElo "1782"]
[BlackElo "2173"]
[PlyCount "96"]
[EventDate "2010.??.??"]
[WhiteTeam "SV Königsjäger Süd-West e.V."]
[BlackTeam "USV Potsdam e.V., Abt. Schach"]

1. d4 Nf6 2. c3 d5 3. Nd2 Bf5 4. Ngf3 c6 5. e3 h6 6. Be2 e6 7. Nf1 Bd6 8. Ng3
O-O 9. a4 Nbd7 10. a5 Bh7 11. a6 b5 12. b3 Qb6 13. Ba3 Bxa3 14. Rxa3 b4 15. Ra2
bxc3 16. O-O c2 17. Rxc2 Bxc2 18. Qxc2 Rab8 19. Ne5 Nxe5 20. dxe5 Nd7 21. Qc3
c5 22. Rb1 Qb4 23. Qb2 c4 24. Qd4 c3 25. Bd3 Nc5 26. Bc2 Qxd4 27. exd4 Nxa6 28.
Rc1 Nb4 29. f4 Nxc2 30. Rxc2 Rxb3 31. f5 Rb1+ 32. Nf1 Rc8 33. g4 Rb2 34. Rc1 c2
35. Nd2 a5 36. h4 a4 37. fxe6 fxe6 38. Kf2 a3 39. Ke3 Rc3+ 40. Kf4 a2 41. h5
Rb1 42. g5 hxg5+ 43. Kxg5 Rxc1 44. h6 gxh6+ 45. Kg6 Rg3+ 46. Kf6 a1=Q 47. Ke7
Qa6 48. Ke8 Rg7 0-1

[Event "?"]
[Site "?"]
[Date "2009.12.27"]
[Round "1.5"]
[White "Barna, André"]
[Black "Maslov, Maxim"]
[Result "1-0"]
[WhiteElo "2168"]
[BlackElo "1778"]
[PlyCount "41"]
[EventDate "2010.??.??"]
[WhiteTeam "USV Potsdam e.V., Abt. Schach"]
[BlackTeam "TuS Makkabi Berlin e.V."]

1. d4 f5 2. g4 fxg4 3. h3 g3 4. fxg3 Nf6 5. Bg2 e6 6. e4 d5 7. e5 Nfd7 8. Ne2
Be7 9. O-O Rf8 10. Nf4 Nb6 11. Qh5+ Kd7 12. Qxh7 Nc6 13. c3 Nc4 14. Qg6 Qe8 15.
Qxe6+ Kd8 16. Qxd5+ Bd7 17. Qxc4 Bg5 18. e6 Bxf4 19. Bxf4 Bxe6 20. Bg5+ Kc8 21.
Rxf8 1-0

[Event "?"]
[Site "?"]
[Date "2009.12.27"]
[Round "1.6"]
[White "Ispirjan, Mikael"]
[Black "Hein, Carsten"]
[Result "1/2-1/2"]
[WhiteElo "1756"]
[BlackElo "2127"]
[PlyCount "71"]
[EventDate "2010.??.??"]
[WhiteTeam "SAV Torgelow"]
[BlackTeam "SC Empor Potsdam 1952 e.V."]

1. e4 c5 2. Nf3 e6 3. d4 cxd4 4. Nxd4 a6 5. Nc3 Qc7 6. Be3 Bb4 7. Nde2 Nf6 8.
f3 d5 9. exd5 Nxd5 10. Bd2 Nf6 11. Ne4 Bxd2+ 12. Nxd2 O-O 13. Nc3 Nbd7 14. Nde4
b5 15. Bd3 Qb6 16. Qe2 Bb7 17. Qf2 Qa5 18. O-O Rad8 19. Rfe1 b4 20. Nxf6+ Nxf6
21. Ne4 Bxe4 22. Bxe4 Rd6 23. a3 Rfd8 24. Bd3 b3 25. Re2 h6 26. Rae1 Rc6 27.
Rd1 bxc2 28. Rxc2 Rcd6 29. Rcd2 g6 30. Qh4 Kg7 31. Qf2 R8d7 32. Kf1 e5 33. Qe2
e4 34. fxe4 Qe5 35. g3 a5 36. Bb1 1/2-1/2

[Event "?"]
[Site "?"]
[Date "2009.12.27"]
[Round "1.7"]
[White "Schirrmacher, Carsten"]
[Black "Ulrich, Gert"]
[Result "1-0"]
[WhiteElo "2065"]
[BlackElo "1753"]
[PlyCount "53"]
[EventDate "2010.??.??"]
[WhiteTeam "SC Zitadelle Spandau 1977 e.V."]
[BlackTeam "ESV Delitzsch"]

1. e4 c5 2. Nf3 e6 3. d4 cxd4 4. Nxd4 a6 5. Bd3 b5 6. O-O Bb7 7. a4 b4 8. Qe2
Ne7 9. Be3 Nbc6 10. Nb3 Ng6 11. Nc5 Bxc5 12. Bxc5 d6 13. Be3 O-O 14. f4 f5 15.
exf5 exf5 16. Nd2 d5 17. Bc5 Re8 18. Qh5 Nce7 19. g4 Qc7 20. Bxe7 Qxe7 21. Bxf5
Qc5+ 22. Kh1 Qe3 23. Nf3 Qxf4 24. Ng5 d4+ 25. Kg1 Qe3+ 26. Rf2 Nf4 27. Bxh7+
1-0

[Event "?"]
[Site "?"]
[Date "2009.12.27"]
[Round "1.8"]
[White "Petrak, Falk"]
[Black "Schulz, Wolfgang"]
[Result "0-1"]
[WhiteElo "1747"]
[BlackElo "2111"]
[PlyCount "48"]
[EventDate "2010.??.??"]
[WhiteTeam "Potsdamer SV Mitte e.V."]
[BlackTeam "SC Zitadelle Spandau 1977 e.V."]

1. Nf3 d5 2. d4 Nf6 3. c4 c6 4. Nc3 e6 5. cxd5 exd5 6. Bg5 h6 7. Bxf6 Qxf6 8.
e4 dxe4 9. Ne5 Nd7 10. Bc4 Nxe5 11. dxe5 Qxe5 12. Qb3 Qc7 13. Rd1 Bf5 14. O-O
Bc5 15. Nxe4 Bxe4 16. Rfe1 Qf4 17. Rxe4+ Qxe4 18. Bxf7+ Kf8 19. Qxb7 Re8 20.
Bxe8 Qxe8 21. Qc7 Bb6 22. Qf4+ Kg8 23. Qd2 Kh7 24. Re1 Qg6 0-1

[Event "?"]
[Site "?"]
[Date "2009.12.27"]
[Round "1.10"]
[White "Schrodt, Horst"]
[Black "Welz, Peter"]
[Result "0-1"]
[WhiteElo "1673"]
[BlackElo "2090"]
[PlyCount "72"]
[EventDate "2010.??.??"]
[WhiteTeam "SC Eintracht Berlin e.V."]
[BlackTeam "SV Empor Berlin e.V."]

1. d4 f5 2. Nf3 Nf6 3. g3 g6 4. Bg2 Bg7 5. c4 O-O 6. O-O d6 7. Nc3 Nc6 8. e3 e5
9. dxe5 dxe5 10. Qxd8 Rxd8 11. Rb1 e4 12. Ne1 Be6 13. b3 Nb4 14. Ba3 a5 15. Nb5
Ne8 16. Bxb4 axb4 17. Nc2 c5 18. a3 Rd2 19. Rfc1 bxa3 20. Nbxa3 Rad8 21. Bf1
Nf6 22. h3 h5 23. b4 b6 24. bxc5 bxc5 25. Rb6 Bf7 26. Rb5 Nd7 27. Nb1 Rd6 28.
Nca3 Ra8 29. Rb7 Ne5 30. Nb5 Rdd8 31. Rc7 Nf3+ 32. Kg2 Ra1 33. Ra7 Rxa7 34.
Nxa7 Bb2 35. Nc6 Rd6 36. Ne7+ Kf8 0-1

[Event "?"]
[Site "?"]
[Date "2009.12.27"]
[Round "1.11"]
[White "Witt, Ronald"]
[Black "Bielick, Jakob"]
[Result "1-0"]
[WhiteElo "2085"]
[BlackElo "1655"]
[PlyCount "89"]
[EventDate "2010.??.??"]
[WhiteTeam "Schachfreunde Zehdenick 76 e.V."]
[BlackTeam "USV Potsdam e.V., Abt. Schach"]

1. e4 c5 2. c3 d5 3. exd5 Qxd5 4. d4 Nc6 5. Nf3 Bg4 6. Be2 Rd8 7. Be3 cxd4 8.
cxd4 e5 9. Nc3 Bb4 10. O-O Qa5 11. a3 Bxc3 12. bxc3 Bxf3 13. Bxf3 Qxc3 14. Qa4
Nge7 15. Rac1 Qa5 16. Qxa5 Nxa5 17. dxe5 Nac6 18. Bc5 Nxe5 19. Bxb7 Nd3 20. Rc3
Nxc5 21. Rxc5 Rd7 22. Bf3 O-O 23. Rfc1 Rb8 24. g3 g6 25. Rc7 Rbd8 26. Kg2 Kf8
27. h4 Ke8 28. Bg4 f5 29. Be2 Nd5 30. R7c5 Ke7 31. Bb5 Rd6 32. Re1+ Re6 33.
Rxe6+ Kxe6 34. Bc4 Ke5 35. Ra5 a6 36. Kf3 Rd6 37. a4 h6 38. Bxd5 Rxd5 39. Rxa6
g5 40. a5 g4+ 41. Ke3 h5 42. Ra8 Rb5 43. a6 Rb3+ 44. Ke2 f4 45. Re8+ 1-0

[Event "?"]
[Site "?"]
[Date "2009.12.27"]
[Round "1.12"]
[White "Toth, Hans-Juergen"]
[Black "Allgaier, Erik"]
[Result "0-1"]
[WhiteElo "1684"]
[BlackElo "2073"]
[PlyCount "82"]
[EventDate "2010.??.??"]
[WhiteTeam "Schachfreunde Zehdenick 76 e.V."]
[BlackTeam "BVG Helmholtz"]

1. f4 g6 2. Nf3 Bg7 3. e3 d5 4. Be2 Nf6 5. O-O O-O 6. Ne5 Nbd7 7. d4 Ne4 8. Nd2
Ndf6 9. Nxe4 Nxe4 10. c3 f6 11. Nf3 Kh8 12. Nd2 Nd6 13. Bg4 b6 14. Bxc8 Rxc8
15. Qf3 e6 16. e4 Nf7 17. Qe2 c5 18. dxc5 bxc5 19. exd5 exd5 20. Nf3 Qc7 21.
Re1 Rcd8 22. Qe7 Rd7 23. Qe2 Nd6 24. Qf1 Rfd8 25. Bd2 Ne4 26. Be3 h6 27. Rac1
Qb7 28. Rc2 d4 29. cxd4 cxd4 30. Bc1 d3 31. Rc4 f5 32. Nd2 Bd4+ 33. Kh1 Nf2+
34. Kg1 Ng4+ 35. Kh1 Ne3 36. Qf3 Qxf3 37. Nxf3 Nxc4 38. b3 Bf2 39. Rd1 d2 40.
Ne5 Nxe5 41. Bb2 Bd4 0-1

[Event "?"]
[Site "?"]
[Date "2009.12.27"]
[Round "1.13"]
[White "Godoj, Veit"]
[Black "Mildenberger, Hans"]
[Result "1-0"]
[WhiteElo "2072"]
[BlackElo "1636"]
[PlyCount "39"]
[EventDate "2010.??.??"]
[WhiteTeam "SK König Tegel 1949 e.V."]
[BlackTeam "BVG Helmholtz"]

1. d4 Nf6 2. Nf3 d5 3. e3 Bf5 4. c4 dxc4 5. Bxc4 e6 6. Qb3 Qc8 7. Nc3 Nc6 8.
Bb5 Bd6 9. Ne5 Bxe5 10. dxe5 Nd7 11. f4 O-O 12. Bxc6 bxc6 13. O-O Rb8 14. Qc4
Qb7 15. Qe2 h6 16. b3 Qb4 17. Bd2 Nc5 18. Na4 Qb5 19. Qxb5 Rxb5 20. Nxc5 1-0

[Event "?"]
[Site "?"]
[Date "2009.12.27"]
[Round "1.14"]
[White "Neumann, Ingo"]
[Black "Bauer, Norbert"]
[Result "0-1"]
[WhiteElo "1609"]
[BlackElo "2064"]
[PlyCount "98"]
[EventDate "2010.??.??"]
[WhiteTeam "SV Rochade Potsdam-West e.V."]
[BlackTeam "SAV Torgelow"]

1. e4 c5 2. Nf3 Nc6 3. d4 cxd4 4. Nxd4 Nf6 5. Nc3 e5 6. Ndb5 d6 7. Be2 a6 8.
Na3 b5 9. Nd5 Be6 10. Bg5 Be7 11. Nxe7 Nxe7 12. f3 d5 13. Bxf6 gxf6 14. c3 f5
15. Bd3 fxe4 16. fxe4 Ng6 17. g3 Qg5 18. Nc2 dxe4 19. Bxe4 Rd8 20. Qe2 O-O 21.
Qe3 Qxe3+ 22. Nxe3 f5 23. Bb7 f4 24. Nc2 f3 25. Rf1 f2+ 26. Rxf2 Rxf2 27. Kxf2
Rd2+ 28. Ke3 Rxc2 29. Bxa6 Rxb2 30. h4 Kf7 31. a4 bxa4 32. Rxa4 Ne7 33. c4 Nf5+
34. Kd3 Rb3+ 35. Kd2 Rxg3 36. c5 Bd5 37. Bd3 Nd4 38. Bxh7 Rh3 39. Ra7+ Kf6 40.
Rd7 Bc6 41. Rd6+ Kg7 42. Bf5 Rxh4 43. Bd7 Rh6 44. Rxh6 Kxh6 45. Bxc6 Nxc6 46.
Ke3 Kg5 47. Ke4 Kf6 48. Kd5 Ne7+ 49. Ke4 Ke6 0-1

[Event "?"]
[Site "?"]
[Date "2009.12.27"]
[Round "1.15"]
[White "Schrodt, Sebastian"]
[Black "Steppan, Siegfried"]
[Result "1-0"]
[WhiteElo "2054"]
[BlackElo "1591"]
[PlyCount "67"]
[EventDate "2010.??.??"]
[WhiteTeam "BSV 63 Chemie Weißensee"]
[BlackTeam "SV Werder/H."]

1. Nf3 Nf6 2. g3 b6 3. Bg2 Bb7 4. O-O e6 5. b3 Be7 6. Bb2 O-O 7. d3 d6 8. c4
Nbd7 9. Qc2 Rc8 10. Nc3 c6 11. Rac1 b5 12. Qd2 b4 13. Nd1 c5 14. e4 e5 15. Ne3
Nxe4 16. dxe4 Bxe4 17. Nxe5 Bxg2 18. Nxd7 Bxf1 19. Nxf8 Bh3 20. Nxh7 Kxh7 21.
Qe2 Be6 22. f4 Bf6 23. Qd3+ Kg8 24. Bxf6 Qxf6 25. Qxd6 Bh3 26. Qxf6 gxf6 27.
Rd1 Rc6 28. f5 Ra6 29. Rd2 Rc6 30. Kf2 Rc7 31. Nd5 Rb7 32. g4 Kg7 33. Kg3 Bf1
34. Ne3 1-0

[Event "?"]
[Site "?"]
[Date "2009.12.27"]
[Round "1.16"]
[White "Eichstaedt, Mirko"]
[Black "Francke, Joerg"]
[Result "0-1"]
[WhiteElo "1575"]
[BlackElo "2053"]
[PlyCount "40"]
[EventDate "2010.??.??"]
[WhiteTeam "USV Potsdam e.V., Abt. Schach"]
[BlackTeam "SC Weisse Dame e.V."]

1. e4 e5 2. f4 Bc5 3. Nf3 d6 4. Bc4 Nc6 5. d3 Bg4 6. c3 Nf6 7. h3 Be6 8. Bxe6
fxe6 9. fxe5 dxe5 10. Qd2 Qd6 11. Ke2 O-O-O 12. Rd1 h6 13. g4 Rhf8 14. Qc2 Nxe4
15. d4 Ng3+ 16. Kf2 exd4 17. cxd4 Nxd4 18. Rxd4 Bxd4+ 19. Kg2 Nf1 20. Nbd2 Ne3+
0-1

[Event "?"]
[Site "?"]
[Date "2009.12.27"]
[Round "1.17"]
[White "Mueller, Klaus"]
[Black "Krueger, Kay"]
[Result "1-0"]
[WhiteElo "2045"]
[BlackElo "1502"]
[PlyCount "55"]
[EventDate "2010.??.??"]
[WhiteTeam "SG Lok Brandenburg, Abt. Schach"]
[BlackTeam "ESV Lok Falkenberg e.V."]

1. e4 c5 2. Nf3 d6 3. d4 cxd4 4. Nxd4 Nf6 5. Nc3 g6 6. f3 Bg7 7. Be3 O-O 8. Qd2
Nbd7 9. Bc4 a6 10. Bb3 Nc5 11. O-O-O Nxb3+ 12. axb3 Nd7 13. h4 h5 14. g4 Kh7
15. gxh5 gxh5 16. Nf5 Rg8 17. Rdg1 Ne5 18. Rxg7+ Rxg7 19. Nxg7 Kxg7 20. Rg1+
Kh7 21. Rg5 f6 22. Rxh5+ Kg6 23. Rh6+ Kf7 24. Nd5 Be6 25. Rh7+ Kg6 26. Bb6 Qf8
27. Rxe7 Qg8 28. Nf4+ 1-0

[Event "?"]
[Site "?"]
[Date "2009.12.27"]
[Round "1.18"]
[White "Paul, Fabian"]
[Black "Mühlhan, Klaus"]
[Result "0-1"]
[WhiteElo "1047"]
[BlackElo "1932"]
[PlyCount "76"]
[EventDate "2010.??.??"]
[WhiteTeam "SC Zitadelle Spandau 1977 e.V."]
[BlackTeam "SC Empor Potsdam 1952 e.V."]

1. f4 e5 2. d3 Nc6 3. Nc3 d5 4. Nf3 d4 5. Ne4 Bd6 6. g3 Bf5 7. Nxd6+ cxd6 8. e4
Bd7 9. Bd2 Nge7 10. Qe2 Qb6 11. b3 f6 12. Bg2 O-O 13. h3 Nb4 14. Bxb4 Qxb4+ 15.
Qd2 Nc6 16. O-O Rfc8 17. Rfc1 b5 18. Qxb4 Nxb4 19. Ne1 Rc3 20. a3 Na6 21. b4
Rac8 22. g4 Nb8 23. Bf3 Nc6 24. Bd1 a5 25. Rcb1 exf4 26. Kf2 a4 27. Kf3 g5 28.
Rc1 h5 29. Kf2 Kg7 30. Kg2 hxg4 31. Bxg4 Bxg4 32. hxg4 Ne5 33. Ra2 Nxg4 34. Kg1
Ne5 35. Kg2 g4 36. Kf2 Kg6 37. Ng2 Kg5 38. Ke2 f3+ 0-1

[Event "?"]
[Site "?"]
[Date "2009.12.27"]
[Round "1.19"]
[White "Werthmann, Nils"]
[Black "Wiezer, Siegfried"]
[Result "0-1"]
[WhiteElo "1501"]
[BlackElo "2037"]
[PlyCount "62"]
[EventDate "2010.??.??"]
[WhiteTeam "USV Potsdam e.V., Abt. Schach"]
[BlackTeam "SV Königsjäger Süd-West e.V."]

1. e4 d6 2. d4 Nf6 3. Nc3 g6 4. Nf3 Bg7 5. Bc4 O-O 6. O-O c6 7. d5 b5 8. Bb3 b4
9. Ne2 c5 10. c4 Nxe4 11. Qc2 Nf6 12. Rb1 Bf5 13. Qd1 Bxb1 14. Bg5 Bf5 15. h3
Ne4 16. Qc1 Nxg5 17. Nxg5 a5 18. Ba4 Nd7 19. Qd2 Nb6 20. Bb5 Bd7 21. Bxd7 Qxd7
22. b3 a4 23. Nf4 axb3 24. axb3 Qf5 25. Nf3 Bh6 26. g3 Bxf4 27. Qxf4 Qxf4 28.
gxf4 Ra3 29. Rb1 Rfa8 30. Kg2 Ra1 31. Rb2 R8a2 0-1

[Event "?"]
[Site "?"]
[Date "2009.12.27"]
[Round "1.20"]
[White "Bernhoeft, Erhard"]
[Black "Haar, Reinhard"]
[Result "1-0"]
[WhiteElo "2021"]
[BlackElo "1471"]
[PlyCount "45"]
[EventDate "2010.??.??"]
[WhiteTeam "Potsdamer SV Mitte e.V."]
[BlackTeam "SV Rochade Potsdam-West e.V."]

1. g3 Nf6 2. c4 e6 3. Bg2 c6 4. Nf3 d5 5. Qc2 Nbd7 6. b3 e5 7. cxd5 cxd5 8. Bb2
e4 9. Nd4 Nc5 10. O-O Bd7 11. Nc3 Rc8 12. Qd1 Ne6 13. Nxe6 Bxe6 14. d3 Bb4 15.
Rc1 Bxc3 16. Rxc3 Rxc3 17. Bxc3 d4 18. Bb2 Qd5 19. dxe4 Nxe4 20. Qxd4 Qxd4 21.
Bxd4 Nd6 22. Bxg7 Rg8 23. Be5 1-0

[Event "?"]
[Site "?"]
[Date "2009.12.27"]
[Round "1.21"]
[White "Heinrich, Daniela"]
[Black "Schlueter, Bernd"]
[Result "1-0"]
[WhiteElo "1421"]
[BlackElo "2004"]
[PlyCount "95"]
[EventDate "2010.??.??"]
[WhiteTeam "Schachverein Briesen e.V."]
[BlackTeam "SV Rochade Potsdam-West e.V."]

1. e4 d6 2. f4 Nf6 3. Nc3 g6 4. Nf3 Bg7 5. d4 O-O 6. e5 Nfd7 7. Bc4 c5 8. e6
Nb6 9. exf7+ Kh8 10. Be2 cxd4 11. Nxd4 Nc6 12. Be3 Rxf7 13. O-O Qf8 14. Qd2 Bd7
15. Rad1 Rc8 16. Ne4 Nxd4 17. Bxd4 Bf5 18. Ng5 Rxc2 19. Bxg7+ Qxg7 20. Nxf7+
Qxf7 21. Qd4+ Qg7 22. Bf3 Qxd4+ 23. Rxd4 Rxb2 24. Rf2 Rxf2 25. Kxf2 Bc8 26. Rb4
e6 27. a4 d5 28. Be2 Nd7 29. Ke3 Kg7 30. Rb1 b6 31. Rc1 Nc5 32. a5 d4+ 33. Kf2
Ne4+ 34. Ke1 Nc5 35. axb6 axb6 36. Rd1 Bb7 37. g3 Nb3 38. Rd3 Nc5 39. Rxd4 Kf6
40. Rd6 Bd5 41. Rxb6 h5 42. Kd2 Kf5 43. Rb5 Nb3+ 44. Ke3 Kf6 45. Bd1 Nc1 46.
Kd2 Na2 47. Bc2 Bc4 48. Rb2 1-0

[Event "?"]
[Site "?"]
[Date "2009.12.27"]
[Round "1.23"]
[White "Fuchs, Dominik"]
[Black "Schiffermueller, Stefan"]
[Result "0-1"]
[WhiteElo "1354"]
[BlackElo "1963"]
[PlyCount "52"]
[EventDate "2010.??.??"]
[WhiteTeam "SC Zitadelle Spandau 1977 e.V."]
[BlackTeam "SC Empor Potsdam 1952 e.V."]

1. e4 c5 2. Nf3 e6 3. d4 cxd4 4. Nxd4 a6 5. Nc3 Qc7 6. Be2 Nf6 7. O-O b5 8. Bf3
e5 9. Nf5 b4 10. Nd5 Nxd5 11. exd5 d6 12. Ng3 Be7 13. a3 bxa3 14. Rxa3 O-O 15.
Rc3 Qd8 16. Rb3 f5 17. Be3 Nd7 18. Bd2 e4 19. Nxe4 fxe4 20. Bxe4 Nc5 21. Bxh7+
Kxh7 22. Qh5+ Kg8 23. Rg3 Qe8 24. Qh6 Bf6 25. Re1 Ne4 26. Rg6 Bf5 0-1

[Event "?"]
[Site "?"]
[Date "2009.12.27"]
[Round "1.24"]
[White "Kasper, Mike"]
[Black "Heinrich, Philipp"]
[Result "1-0"]
[WhiteElo "1956"]
[BlackElo "1335"]
[PlyCount "61"]
[EventDate "2010.??.??"]
[WhiteTeam "Treptower SV 1949 e.V."]
[BlackTeam "Schachverein Briesen e.V."]

1. e4 c5 2. Na3 d6 3. Nf3 Nc6 4. c3 g6 5. d4 b6 6. Bb5 Bd7 7. d5 Na5 8. Bxd7+
Qxd7 9. O-O Bg7 10. Bf4 e5 11. dxe6 fxe6 12. Bxd6 Nf6 13. Ne5 Qd8 14. Nb5 Rc8
15. Nxa7 Ra8 16. Nb5 Rc8 17. Qa4 Nc6 18. Nc7+ Rxc7 19. Bxc7 Qxc7 20. Nxc6 O-O
21. f3 Rc8 22. Na7 Ra8 23. Nb5 Qc6 24. Qc4 Nd7 25. Nd4 Bxd4+ 26. cxd4 b5 27.
Qc2 Ra4 28. dxc5 Rc4 29. Qf2 Rxc5 30. Rfd1 Kf7 31. Rxd7+ 1-0

[Event "?"]
[Site "?"]
[Date "2009.12.27"]
[Round "1.26"]
[White "von Bassewitz, Ingo"]
[Black "Swoboda, Julia"]
[Result "1-0"]
[WhiteElo "1941"]
[BlackElo "1097"]
[PlyCount "73"]
[EventDate "2010.??.??"]
[WhiteTeam "TuS 1860 Magdeburg"]
[BlackTeam "USV Potsdam e.V., Abt. Schach"]

1. e4 c6 2. d4 d5 3. Nc3 dxe4 4. Nxe4 Bf5 5. Ng3 Bg6 6. Nf3 Nd7 7. Bd3 Bxd3 8.
Qxd3 e6 9. O-O Ngf6 10. Bg5 Be7 11. c3 O-O 12. b4 b6 13. Rfd1 Qc7 14. Bxf6 Nxf6
15. Ne4 Rfd8 16. Nxf6+ Bxf6 17. Qe3 Rac8 18. Rac1 c5 19. g3 Qe7 20. dxc5 Rxd1+
21. Rxd1 bxc5 22. b5 c4 23. Ne5 Bxe5 24. Qxe5 Qa3 25. Qd6 Qa5 26. Qa6 Qxa6 27.
bxa6 Kf8 28. Rd7 Ra8 29. Rc7 h6 30. Rxc4 Rb8 31. Rc7 Ra8 32. Kg2 f5 33. Kf3 e5
34. g4 g6 35. gxf5 gxf5 36. Rh7 Rc8 37. Rh8+ 1-0

[Event "?"]
[Site "?"]
[Date "2009.12.27"]
[Round "1.28"]
[White "Reyher, Susan"]
[Black "Sicora, Carsten"]
[Result "0-1"]
[WhiteElo "999"]
[BlackElo "1926"]
[PlyCount "106"]
[EventDate "2010.??.??"]
[WhiteTeam "KSC Strausberg Abt. Schach"]
[BlackTeam "ohne Verein"]

1. e4 e6 2. d4 d5 3. Nc3 Nf6 4. Bd3 c5 5. dxc5 Nc6 6. Nf3 dxe4 7. Nxe4 Nxe4 8.
Bxe4 Qxd1+ 9. Kxd1 Bxc5 10. Ke2 Bd7 11. Rd1 O-O-O 12. Bf4 f6 13. Bxc6 Bxc6 14.
c3 e5 15. Be3 Bb5+ 16. Ke1 Bxe3 17. fxe3 Bc6 18. b4 g5 19. Kf2 h5 20. a4 Rxd1
21. Rxd1 Bxa4 22. Rd5 Bc6 23. Rc5 Kd7 24. b5 Be4 25. Nd2 Bc2 26. Rd5+ Ke7 27.
c4 Rd8 28. Rxd8 Kxd8 29. h3 f5 30. Kf3 Ke7 31. g4 hxg4+ 32. hxg4 Bd1+ 33. Kg3
Bxg4 34. Nf3 Bxf3 35. Kxf3 Kd6 36. e4 f4 37. Kg4 Kc5 38. Kf3 Kxc4 39. b6 a5 40.
Kg4 a4 41. Kxg5 f3 42. Kf5 Kd4 43. Ke6 f2 44. Kd7 f1=Q 45. Kc7 Qa6 46. Kb8 Qxb6
47. Kc8 Qe6+ 48. Kxb7 a3 49. Kc7 a2 50. Kd8 Qf7 51. Kc8 a1=Q 52. Kb8 Qaa7+ 53.
Kc8 Qe8# 0-1

[Event "?"]
[Site "?"]
[Date "2009.12.27"]
[Round "1.29"]
[White "Große, Michael"]
[Black "Wolff, Marie Antoinette"]
[Result "1-0"]
[WhiteElo "1902"]
[BlackElo "977"]
[PlyCount "87"]
[EventDate "2010.??.??"]
[WhiteTeam "SC Empor Potsdam 1952 e.V."]
[BlackTeam "SG Blau-Weiß 1948 Leegebruch"]

1. b3 d6 2. Bb2 Nf6 3. f4 Nc6 4. Nf3 g6 5. e4 Bg7 6. d3 O-O 7. Nbd2 Nh5 8. Bxg7
Nxg7 9. g3 e5 10. fxe5 dxe5 11. Bg2 Bg4 12. h3 Bxf3 13. Nxf3 Qd6 14. O-O f5 15.
exf5 Nxf5 16. Qe1 Rae8 17. Nd2 Qd4+ 18. Kh2 Ne3 19. Rxf8+ Rxf8 20. Rc1 Nxg2 21.
Kxg2 Qd5+ 22. Qe4 Qf7 23. Rf1 Qe7 24. Rxf8+ Kxf8 25. a4 Nd4 26. c3 Nf5 27. Nc4
c6 28. Qxe5 Qxe5 29. Nxe5 Ne3+ 30. Kf3 Nd1 31. c4 Nb2 32. Ke4 Kg7 33. d4 Nd1
34. Nd3 Nc3+ 35. Ke5 Ne2 36. g4 Kh6 37. d5 Kg5 38. d6 h5 39. gxh5 gxh5 40. d7
Ng1 41. d8=Q+ Kg6 42. Nf4+ Kh6 43. Qh8+ Kg5 44. Qf6# 1-0

[Event "?"]
[Site "?"]
[Date "2009.12.27"]
[Round "1.30"]
[White "Eichstaedt, Ina"]
[Black "Perestjuk, Marko"]
[Result "0-1"]
[WhiteElo "894"]
[BlackElo "1902"]
[PlyCount "68"]
[EventDate "2010.??.??"]
[WhiteTeam "USV Potsdam e.V., Abt. Schach"]
[BlackTeam "SC Zitadelle Spandau 1977 e.V."]

1. e4 c5 2. Nc3 Nc6 3. Nf3 g6 4. Bb5 Bg7 5. Bxc6 bxc6 6. O-O Nf6 7. d3 O-O 8.
Bg5 Rb8 9. Rb1 Ba6 10. Re1 Re8 11. d4 cxd4 12. Nxd4 h6 13. Bf4 e5 14. Nxc6 dxc6
15. Be3 Qc7 16. Na4 Red8 17. Qf3 Bb5 18. Nc5 Nd7 19. b3 Nxc5 20. Bxc5 Rd2 21.
Qc3 Rbd8 22. Be3 R2d7 23. a4 Ba6 24. h3 Kh7 25. Kh2 h5 26. g3 Bh6 27. Kg2 Bxe3
28. Qxe3 Rd2 29. Rbc1 Qb6 30. Qxb6 axb6 31. c4 Rb2 32. Rc3 Rdd2 33. Rf3 Kg7 34.
Rf1 Re2 0-1

[Event "?"]
[Site "?"]
[Date "2009.12.27"]
[Round "1.31"]
[White "Osvath, Zoltan"]
[Black "Faust, Adrian"]
[Result "1-0"]
[WhiteElo "1900"]
[BlackElo "876"]
[PlyCount "61"]
[EventDate "2010.??.??"]
[WhiteTeam "SK Potaissa Turda"]
[BlackTeam "Potsdamer SV Mitte e.V."]

1. e4 e5 2. Nf3 Nc6 3. Bb5 d5 4. Nxe5 Qf6 5. Nxc6 bxc6 6. Bd3 Bc5 7. O-O Ne7 8.
Nc3 O-O 9. Na4 Bd6 10. Qe2 Qe5 11. g3 Bh3 12. Re1 Rfe8 13. exd5 Qxd5 14. Be4
Qe5 15. Bxh7+ Kxh7 16. Qxe5 Bxe5 17. Rxe5 Nf5 18. f4 Rxe5 19. fxe5 Re8 20. d3
Rxe5 21. Kf2 Bg4 22. Nc3 Nd4 23. Bf4 Rf5 24. Ne4 Nxc2 25. Rc1 Nd4 26. Ke3 Rd5
27. Bxc7 f5 28. Nc3 Rd7 29. Be5 Nf3 30. d4 Nxh2 31. Rh1 1-0

[Event "?"]
[Site "?"]
[Date "2009.12.27"]
[Round "1.32"]
[White "Leyrer, Thomas"]
[Black "Binder, Thomas"]
[Result "0-1"]
[WhiteElo "751"]
[BlackElo "1894"]
[PlyCount "78"]
[EventDate "2010.??.??"]
[WhiteTeam "SV Königsjäger Süd-West e.V."]
[BlackTeam "SF Siemensstadt"]

1. e4 d5 2. Nc3 dxe4 3. Nxe4 e5 4. Nf3 Nc6 5. Bc4 h6 6. O-O Nf6 7. Nxf6+ Qxf6
8. d3 Bg4 9. Bd5 O-O-O 10. Be4 Nd4 11. Be3 Bd6 12. h3 Nxf3+ 13. Bxf3 Bxf3 14.
Qxf3 Qxf3 15. gxf3 f5 16. Bd2 g5 17. Bc3 Rhg8 18. Rfe1 g4 19. fxg4 fxg4 20.
hxg4 Rxg4+ 21. Kf1 Rdg8 22. Ke2 Rg2 23. Kd1 Rxf2 24. Bxe5 Bxe5 25. Rxe5 Rgg2
26. Rc1 h5 27. Ke1 h4 28. Rh5 Rf4 29. Re5 h3 30. Re2 h2 31. Rxg2 h1=Q+ 32. Kd2
Qxg2+ 33. Kc3 Rf2 34. b3 Qg7+ 35. d4 Rf3+ 36. Kb2 Qxd4+ 37. Kb1 a5 38. Rh1 a4
39. Rh8+ Qxh8 0-1